"This Charming Man" All Lyrics Quiz - Statistics

General Stats
  • This quiz has been taken 197 times
  • The average score is 111 of 158
Answer Stats
Answer % Correct
a
98%
charming
96%
this
95%
This
95%
I
94%
man
94%
Who
90%
on
87%
me
86%
to
86%
car
84%
the
84%
out
82%
but
81%
go
81%
so
80%
haven't
79%
tonight,
79%
wear
78%
got
77%
hillside
76%
said,
76%
would
76%
of
75%
someone
74%
bicycle
73%
should
73%
stitch
73%
When
72%
"It's
71%
care"
70%
make
69%
that
69%
his
68%
boy
67%
handsome
67%
never
67%
desolate
66%
yet?
66%
in
65%
He
64%
gruesome
63%
knew
63%
Punctured
62%
Na-na-na, na-na, na-na,
60%
place
60%
seat?
59%
up
59%
Will
59%
complexity
58%
passenger
58%
nature
56%
jumped
55%
about
54%
leather
54%
much
54%
runs
54%
knows
53%
smooth
52%
"Return
47%
these
47%
things
47%
life's
46%
pantry
45%
Why
45%
ring"
42%
Ah,
38%
pamper
36%
No matching quizzes found
Score Distribution
Percent of People with Each Score
Percentile by Number Answered
Your Score History
You have not taken this quiz